| Tag |
First Indicator |
Second Indicator |
Subfields |
| LEADER |
00000cam a2200000 a 4500 |
| 001 |
in00001406493 |
| 005 |
20231003143643.9 |
| 008 |
980603s1998 enka b f000 0 eng d |
| 035 |
|
|
|a (OCoLC)39222111
|
| 035 |
|
|
|9 AHQ3430AM
|
| 040 |
|
|
|a TXA
|c TXA
|d UtOrBLW
|
| 043 |
|
|
|a e-uk---
|
| 049 |
|
|
|a TXAM
|
| 090 |
|
|
|a TA1057.A1
|b T755 no. 310
|
| 100 |
1 |
|
|a Gardner, G.
|
| 245 |
1 |
2 |
|a A preliminary review of rural cycling /
|c G. Gardner and S. Gray.
|
| 264 |
|
1 |
|a Crowthorne, Berkshire :
|b Transport Research Laboratory,
|c 1998.
|
| 300 |
|
|
|a iv, 16 pages :
|b illustrations ;
|c 30 cm.
|
| 336 |
|
|
|a text
|b txt
|2 rdacontent
|
| 337 |
|
|
|a unmediated
|b n
|2 rdamedia
|
| 338 |
|
|
|a volume
|b nc
|2 rdacarrier
|
| 490 |
1 |
|
|a TRL report,
|v 310
|
| 500 |
|
|
|a "Prepared for Driver Information and Traffic Management Division, Department of the Environment, Transport and the Regions."
|
| 504 |
|
|
|a Includes bibliographical references (pages 12-13).
|
| 650 |
|
0 |
|a Cyclists
|z Great Britain.
|
| 650 |
|
0 |
|a Rural roads
|z Great Britain.
|
| 700 |
1 |
|
|a Gray, S.
|q (Stanley)
|
| 710 |
2 |
|
|a Transport Research Laboratory (Great Britain)
|
| 830 |
|
0 |
|a TRL report ;
|v no. 310.
|
| 856 |
4 |
1 |
|z Available freely from Transport Research Laboratory (TRL) publications Repository
|u https://www.trl.co.uk/publications/trl310
|t 0
|
| 948 |
|
|
|a o:jls
|
| 999 |
|
|
|a MARS
|
| 999 |
f |
f |
|s b7eeb759-72cd-34c1-8a15-2e380d6c07ff
|i 53bba4c5-8934-3853-a648-3f067ccb15a2
|t 0
|
| 952 |
f |
f |
|p ric
|a Texas A&M University
|b Rellis Campus
|c Joint Library Facility
|d Remote Storage
|t 0
|e TA1057.A1 T755 no.310
|h Library of Congress classification
|i unmediated -- volume
|m A14822569750
|
| 998 |
f |
f |
|a TA1057.A1 T755 no.310
|t 0
|l Remote Storage
|